Digital electronics /
This book is about: Number systems; Logic gates; Waveform and boolean algebra; Exclusive-or gates; ...
保存先:
| 第一著者: | |
|---|---|
| その他の著者: | |
| フォーマット: | 図書 |
| 言語: | English |
| 出版事項: |
Stamford, CT :
Delmar,
2000.
|
| 版: | 4th ed. |
| 主題: | |
| タグ: |
タグ追加
タグなし, このレコードへの初めてのタグを付けませんか!
|
| Thư viện lưu trữ: | Mạng thư viện Đại học Đà Nẵng |
|---|
| LEADER | 00953cam a2200349 a 4500 | ||
|---|---|---|---|
| 001 | 000049281 | ||
| 003 | 9020 | ||
| 005 | 20060619152022.0 | ||
| 008 | 010324b2000 vm 000 eng | ||
| 020 | |a 0766803287 | ||
| 040 | |a IRC |c IRC |d IRC | ||
| 041 | 0 | |a eng | |
| 082 | 1 | 4 | |a 621.381 |b BI-J |
| 100 | 1 | |a Bignell, James. | |
| 245 | 1 | 0 | |a Digital electronics / |c James Bignell, Robert Donovan. |
| 250 | |a 4th ed. | ||
| 260 | |a Stamford, CT : |b Delmar, |c 2000. | ||
| 300 | |a 731 p. ; |c 23 cm. | ||
| 520 | 3 | |a This book is about: Number systems; Logic gates; Waveform and boolean algebra; Exclusive-or gates; ... | |
| 630 | 0 | 4 | |a Digital electronics. |
| 650 | 0 | 4 | |a Digital electronics. |
| 700 | 1 | |a Donovan, Robert. | |
| OWN | |a DUT | ||
| 999 | |a From the UDN01 | ||
| TYP | |a Monograph | ||
| TYP | |a Printed language | ||
| 980 | |a Mạng thư viện Đại học Đà Nẵng | ||


